000 00533nam a2200229Ia 4500
003 0100
008 130303s9999 xx 000 0 und d
020 _a0753801930
040 _cARRUPELIB
050 _aB3376.W564H244 1979
100 _aHacker, Peter Michael Stephan
245 _aWittgenstein
245 _bon human nature
260 _aLondon
260 _bPhoenix
260 _C1997
300 _a59p.
300 _b 18cm
440 _aThe Great Philosophers
650 _bCommunism Post communism
942 0 0 _02
999 _c11824
_d11824